000
00225nam a2200085Ia 4500
008
240331s9999 xx 000 0 und d
082
_b
Tra
245
0
_a
Training manual on the management of women's information centres
942
_c
L
999
_c
1645
_d
1645